00288nam a2200097Ia 4500008004100000245003900041245003900080260000900119650001400128856004800142171211s9999 xx 000 0 und d 4aThe Continuing Evolution of Europe cThiess Buettner and Wolfgang Ochel c2011 xECONOMICS uhttp://down.ebook777.com/062/0262017016.pdf